Life cycles / (Record no. 22014)

MARC details
000 -LEADER
fixed length control field 04593cam a22005057a 4500
005 - DATE AND TIME OF LATEST TRANSACTION
control field 20090121151616.0
008 - FIXED-LENGTH DATA ELEMENTS--GENERAL INFORMATION
fixed length control field 041027s2004 dcua j b 001 0 eng d
010 ## - LCCN (DPL NO)
LC control number B-330173-187
020 ## - INTERNATIONAL STANDARD BOOK NUMBER
International Standard Book Number 9788179912980
Terms of availability 55.00
035 ## - SYSTEM CONTROL NUMBER
System control number B-330173-187
035 ## - SYSTEM CONTROL NUMBER
System control number B-358509
037 ## - SOURCE OF ACQUISITION
Source of stock number/acquisition PUB
040 ## - CATALOGING SOURCE
Original cataloging agency dpl
082 ## - DEWEY DECIMAL CLASSIFICATION NUMBER
Classification number 571.81
100 ## - MAIN ENTRY--PERSONAL NAME
Personal name Stephens, Catherine.
245 ## - TITLE STATEMENT
Title Life cycles /
Statement of responsibility, etc by Catherine Stephens
260 ## - PUBLICATION, DISTRIBUTION, ETC. (IMPRINT)
Place of publication, distribution, etc Washington, D.C. :
Name of publisher, distributor, etc National Geographic Society,
Date of publication, distribution, etc c2004.
300 ## - PHYSICAL DESCRIPTION
Extent 32p.
Other physical details col. ill.
Dimensions 23cm. (pbk)
440 ## - SERIES STATEMENT/ADDED ENTRY--TITLE
Title Reading expeditions.
500 ## - GENERAL NOTE
General note Originally published by National Geographic under the reading expeditions series
520 ## - SUMMARY, ETC.
Summary, etc Introduces the concept of metamorphosis in the life cycles of some animals, insects and amphibians.
650 ## - SUBJECT ADDED ENTRY--TOPICAL TERM
Topical term or geographic name as entry element Animal life cycles
Form subdivision Juvenile literature.
650 ## - SUBJECT ADDED ENTRY--TOPICAL TERM
Topical term or geographic name as entry element Life cycles (Biology)
Form subdivision Juvenile literature.
710 ## - ADDED ENTRY--CORPORATE NAME
Corporate name or jurisdiction name as entry element National Geographic Society (U.S.)
942 ## - ADDED ENTRY ELEMENTS (KOHA)
Source of classification or shelving scheme Dewey Decimal Classification
Item type Children Books
Classification part 571.81
Call number suffix STE
Holdings
Withdrawn status Lost status Source of classification or shelving scheme Damaged status Not for loan Collection code Home library Current library Date acquired Source of acquisition Cost, normal purchase price Total Checkouts Full call number Barcode Date last seen Copy number Cost, replacement price Koha item type Total Renewals Public note
    Dewey Decimal Classification     Non-fiction Bawana Bawana 06/07/2009 Popular/0114/4.5.09/8/23.4.09/3.6.09 55.00 1 571.81 STE B-330184 13/07/2019 1 55.00 Children Books    
    Dewey Decimal Classification     Non-fiction Central Library Central Library 06/07/2009 Popular/0114/4.5.09/8/23.4.09/3.6.09 55.00   571.81 STE B-330176 06/07/2009 1 55.00 Children Books    
    Dewey Decimal Classification     Non-fiction Janak Puri Janak Puri 19/09/2009 Popular/I/09-10/0562/10.9.09/85/2.9.09/16.9.09 55.00 30 571.81 STE B-358509 22/11/2013 1 55.00 Children Books    
    Dewey Decimal Classification     Non-fiction Karol Bagh Karol Bagh 06/07/2009 Popular/0114/4.5.09/8/23.4.09/3.6.09 55.00   571.81 STE B-330182 06/07/2009 1 55.00 Children Books    
    Dewey Decimal Classification     Non-fiction Kasturba Gandhi Marg Kasturba Gandhi Marg 06/07/2009 Popular/0114/4.5.09/8/23.4.09/3.6.09 55.00   571.81 STE B-330178 06/07/2009 1 55.00 Children Books    
    Dewey Decimal Classification     Non-fiction Mobile Library Mobile Library 06/07/2009 Popular/0114/4.5.09/8/23.4.09/3.6.09 55.00   571.81 STE B-330173 06/07/2009 2 55.00 Children Books    
    Dewey Decimal Classification     Non-fiction Mobile Library Mobile Library 06/07/2009 Popular/0114/4.5.09/8/23.4.09/3.6.09 55.00   571.81 STE B-330174 06/07/2009 2 55.00 Children Books    
  Written-off vide DLB M. No. 383 dt 16.05.19 Dewey Decimal Classification     Non-fiction Narela Narela 06/07/2009 Popular/0114/4.5.09/8/23.4.09/3.6.09 55.00   571.81 STE B-330183 06/07/2009 1 55.00 Children Books    
  Written-off vide DLB M. No. 383 dt 16.05.19 Dewey Decimal Classification     Non-fiction New Police Line New Police Line 06/07/2009 Popular/0114/4.5.09/8/23.4.09/3.6.09 55.00   571.81 STE B-330175 06/07/2009 1 55.00 Children Books    
  Written-off vide DLB M. No. 383 dt 16.05.19 Dewey Decimal Classification     Non-fiction Patel Nagar Patel Nagar 06/07/2009 Popular/0114/4.5.09/8/23.4.09/3.6.09 55.00   571.81 STE B-330177 06/07/2009 1 55.00 Children Books    
Written off Written-off vide DLB M. No. 388 dt 23.02.22 Dewey Decimal Classification     Non-fiction Peshwa Road Peshwa Road 06/07/2009 Popular/0114/4.5.09/8/23.4.09/3.6.09 55.00   571.81 STE B-330179 06/07/2009 1 55.00 Children Books    
    Dewey Decimal Classification     Non-fiction R.C.Libraries (BL-III) R.C.Libraries (BL-III) 06/07/2009 Popular/0114/4.5.09/8/23.4.09/3.6.09 55.00 1 571.81 STE B-330187 11/12/2021 1 55.00 Children Books    
    Dewey Decimal Classification     Non-fiction Sarojini Nagar Sarojini Nagar 06/07/2009 Popular/0114/4.5.09/8/23.4.09/3.6.09 55.00   571.81 STE B-330180 06/07/2009 1 55.00 Children Books    
Written off   Dewey Decimal Classification     Non-fiction Shahdara Branch Shahdara Branch 06/07/2009 Popular/0114/4.5.09/8/23.4.09/3.6.09 55.00   571.81 STE B-330185 06/07/2009 1 55.00 Children Books   Written off on approval by DLB (By Circulation); dtd 20.12.2022
    Dewey Decimal Classification     Non-fiction Vinoba Puri Vinoba Puri 06/07/2009 Popular/0114/4.5.09/8/23.4.09/3.6.09 55.00 7 571.81 STE B-330181 14/12/2012 1 55.00 Children Books 1  
    Dewey Decimal Classification     Non-fiction Yojana Vihar Yojana Vihar 06/07/2009 Popular/0114/4.5.09/8/23.4.09/3.6.09 55.00   571.81 STE B-330186 06/07/2009 1 55.00 Children Books    

© Delhi Public Library
Hit Counter
free hit counter